Industrial standardization system in Japan

Gespeichert in:
Bibliographische Detailangaben
Format: Buch
Sprache:Undetermined
Veröffentlicht: Japan Jetro 1979
Schlagworte:
Tags: Tag hinzufügen
Keine Tags, Fügen Sie den ersten Tag hinzu!
Thư viện lưu trữ: Trung tâm Học liệu Trường Đại học Cần Thơ
LEADER 00461nam a2200181Ia 4500
001 CTU_88615
008 210402s9999 xx 000 0 und d
082 |a 658.5 
082 |b I.42 
245 0 |a Industrial standardization system in Japan 
245 0 |c Jetro 
260 |a Japan 
260 |b Jetro 
260 |c 1979 
650 |a Standardization 
650 |x Periodicals 
904 |i Giang,Hải 
980 |a Trung tâm Học liệu Trường Đại học Cần Thơ